000 00468nam a2200181Ia 4500
001 45255
008 140428s9999 xx 000 0 und d
020 _aNA
040 _cPK-LaUMT
082 _aRHC 891.4393
_bSAL-S
100 _aSaleem Agha Qazalbash
245 _aSargaushiyaan (Urdu)
_cSaleem Agha Qazalbash
260 _aSargodha,Pakistan:
_bMaktaba Urd Zaban,
_c1980
300 _a104 p.
546 _aUR
650 _aPakistani literature-Urdu
942 _cBK
999 _c43223
_d43223